| 000 | 00724cab a2200229 4500 | ||
|---|---|---|---|
| 001 | ABS49248 | ||
| 008 | 090401t1993 xxu||||| |||| 00| 0 eng d | ||
| 035 | _a(Sirsi) u70520 | ||
| 041 | _aeng | ||
| 100 | _aHarvey, N. | ||
| 245 | 2 | _aA new lease of life for old farm buildings | |
| 260 | _c1993 | ||
| 350 | _a0 | ||
| 490 |
_aCS Monthly : Rural Practice _v3(1) September 1993, 7(1) |
||
| 520 | _aDiscusses the problems of redundant farm buildings defined as those buildings which, because of agricultural change, no longer earn their keep on the farm. | ||
| 650 | _aMENTOR | ||
| 650 | _aREDUNDANT BUILDINGS | ||
| 650 | _aREDUNDANT FARM BUILDINGS | ||
| 690 | _aRURAL PRACTICE | ||
| 942 | _n0 | ||
| 948 | _c04/03/1997 | ||
| 999 |
_c44361 _d44361 |
||